Tvorba a ochrana životného prostredia

Salvato in:
Dettagli Bibliografici
Autori principali: Vybíralová, Júlia (Autore), Füzyová, Ľuba (Autore), Polačko, Vladimír (Autore)
Natura: Libro
Lingua:slovacco
Pubblicazione: Bratislava : Ekonóm, 2006
Edizione:1. vyd
Soggetti:
Accesso online:OBSAH
Tags: Aggiungi Tag
Nessun Tag, puoi essere il primo ad aggiungerne!!

MARC

LEADER 00000nam a22000003a 4500
001 stu119393
005 20150617225857.5
008 060530s2006----xo------------------slo-d
020 |a 80-225-2098-5 
040 |a STU  |b slo 
041 0 |a slo 
044 |a xo 
080 |a 504 
100 1 |a Vybíralová, Júlia  |4 aut 
245 1 |a Tvorba a ochrana životného prostredia 
250 |a 1. vyd 
260 |a Bratislava :  |b Ekonóm,  |c 2006 
300 |a 233 s 
650 7 |a environmentalistika  |2 stusub 
650 7 |a životné prostredie  |2 stusub 
700 1 |a Füzyová, Ľuba  |4 aut 
700 1 |a Polačko, Vladimír  |4 aut 
856 4 |a https://sweb.mtf.stuba.sk/obsahy/tvorba_a_ochrana_zivotneho_prostredia_05  |u https://sweb.mtf.stuba.sk/obsahy/tvorba_a_ochrana_zivotneho_prostredia_05  |3 OBSAH 
996 |b 284M073178  |c M*11917-1  |l MMST  |s A  |a 24  |w stu119393_0001 
996 |b 284M073180  |c M*11917-3  |l MMKN  |s A  |a 24  |w stu119393_0002 
996 |b 284M073179  |c M*11917-2  |l MMKN  |s A  |a 24  |w stu119393_0003